II Convención colectiva de trabajo firmada entre el Sindicato Unión de Trabajadores de Golfito y la Compañía Bananera de Costa Rica el 10 de julio de 1974, II /
Convención colectiva de trabajo entre la empresa bananera y el sindicato de trabajadores de Golfito, Costa Rica, 1974. Acuerdos logrados entre la empresa y el sindicato para poner fin a un movimiento huelguístico. Los acuerdos se refieren a: salarios, jornadas de trabajo, vivienda, servicios médicos...
Gespeichert in:
| Körperschaften: | , |
|---|---|
| Format: | Text |
| Veröffentlicht: |
San José :
|
| Schlagworte: | |
| Tags: |
Tag hinzufügen
Keine Tags, Fügen Sie den ersten Tag hinzu!
|
MARC
| LEADER | 00000 a a2200000 04500 | ||
|---|---|---|---|
| 001 | 19930 | ||
| 003 | |||
| 040 | |||
| 090 | |a 081100 | ||
| 110 | |a Sindicato Unión de Trabajadores de Golfito, Costa Rica | ||
| 245 | |a II Convención colectiva de trabajo firmada entre el Sindicato Unión de Trabajadores de Golfito y la Compañía Bananera de Costa Rica el 10 de julio de 1974, II / |c Sindicato Unión de Trabajadores de Golfito, Costa Rica | ||
| 260 | |a San José : | ||
| 300 | |a 71 p. | ||
| 520 | |a Convención colectiva de trabajo entre la empresa bananera y el sindicato de trabajadores de Golfito, Costa Rica, 1974. Acuerdos logrados entre la empresa y el sindicato para poner fin a un movimiento huelguístico. Los acuerdos se refieren a: salarios, jornadas de trabajo, vivienda, servicios médicos hospitalarios, recreativos, relaciones sindicales, y otros./ACM | ||
| 650 | |a LEGISLACION DEL TRABAJO | ||
| 650 | |a CONVENIOS COLECTIVOS | ||
| 650 | |a TRABAJADORES AGRICOLAS | ||
| 650 | |a BANANOS | ||
| 710 | |a Compañía Bananera de Costa Rica | ||
| 999 | |c 1858 |d 1858 | ||
